000 00497nam a2200193Ia 4500
003 GCL
008 140319s9999 xx 000 0 eng d
040 _aGCL /
_cGCL
082 0 4 _a792.094212
_bT S
100 1 _aTHOMSON, PETER
245 1 0 _aSHAKESPEARE'S THEATER /
_cTHOMSON, PETER
260 _a[S.N] :
_bROUTLEDGE ،
_c1997
300 _a199 P
650 0 4 _aTHEATER
650 0 4 _aSHAKESPEARE, WILLIAM
650 0 4 _aGREAT BRITIAN - BRITIAN
650 0 4 _aGLOBAL THEATERS
942 _2ddc
_cBK
999 _c15800
_d15800